BROCKHAMPTON - Statistics

General Stats
  • This quiz has been taken 1,341 times
  • The average score is 8 of 14
Answer Stats
Hint Answer % Correct
The leader and co-founder of the group Kevin Abstract
99%
The group's famous trilogy Saturation
82%
The man at the beginning of each music video Roberto
77%
The rapper featured on each of the Saturation covers Ameer Vann
74%
The singer featured on each of the closing tracks on Saturation bearface.
74%
The group's first mixtape All-American Trash
69%
The first single released for SATURATION III Boogie
66%
The first single released for SATURATION II Gummy
58%
The first single released for SATURATION Face
51%
The infamous unreleased song featuring a video with all the members in white t-shirts Lamb
46%
The altar ego of the man from the last answer Helmet Boy
45%
The Viceland TV show based on the group American Boyband
44%
The original name of the group AliveSinceForever
31%
The film centered around the group Billy Star
27%
No matching quizzes found
Score Distribution
Percent of People with Each Score
Percentile by Number Answered
Your Score History
You have not taken this quiz